| 000 | 00538nam a2200193Ia 4500 | ||
|---|---|---|---|
| 003 | IN-BaIIA | ||
| 008 | 211028s9999 xx 000 0 eng d | ||
| 020 | _a978-0-691-15627-9 | ||
| 040 | _cIIA Library | ||
| 080 |
_a523.4-126 _bKAS |
||
| 100 |
_aKasting, James _935951 |
||
| 245 | 0 |
_aHow to find a habitable planet _cJames Kasting |
|
| 260 |
_aPrinceton _bPrinceton University Press _c2012 |
||
| 300 | _axiv, 332p. | ||
| 490 | _aScience essentials | ||
| 650 |
_aExobiology _920584 |
||
| 650 |
_aHabitable planets _931559 |
||
| 942 | _cBK | ||
| 999 |
_c18792 _d18792 |
||